State of the region 2007-2008

Gardado en:
Detalles Bibliográficos
Autor Corporativo: Pacific Economic Cooperation Council (Author)
Formato: Libro
Idioma:inglés
Publicado: Singapur Pacific Economic Cooperation Council 2007
Singapur Institute of Southeast Asian Studies 2007
Subjects:
Tags: Engadir etiqueta
Sen Etiquetas, Sexa o primeiro en etiquetar este rexistro!

MARC

LEADER 00000cam a2200000 a 4500
001 UCG2558
003 CL-VaPUC
008 100715e20070000si |||||||||||||||||eng|d
020 |a 9789810590482 
082 0 4 |a 382  |b PAC  |2 21 
110 2 |a Pacific Economic Cooperation Council  |e author  |9 551025 
245 1 0 |a State of the region 2007-2008 
300 |a 64 p 
942 |c BK 
945 |d 20100715 00:00:00  |a dcastane 
260 |a Singapur  |b Pacific Economic Cooperation Council  |c 2007 
260 |a Singapur  |b Institute of Southeast Asian Studies  |c 2007 
600 0 7 |a APEC  |2 CL-VaPUC  |9 371800 
600 0 7 |a PEEC  |2 CL-VaPUC  |9 551026 
650 0 |a Economía internacional  |9 258254 
650 0 |a Relaciones Internacionales  |9 255740 
650 0 |a Integración económica  |9 255024 
650 7 |a RELACIONES COMERCIALES  |2 CL-VaPUC  |9 322074 
650 0 |a Cooperación internacional  |9 255447 
650 7 |a COMERCIO INTERNACIONAL  |2 CL-VaPUC  |9 551027 
583 |a last modification  |c 20140805 11:41:58  |k Rodrigo Vera 
999 |c 341699  |d 341697 
952 |0 0  |1 0  |4 0  |6 382_000000000000000_PAC_2007_2007  |7 0  |8 A  |9 437362  |a BIBGIM  |b BIBGIM  |d 2019-11-22  |i 4692713  |o 382 PAC 2007 2007  |p 4692713  |r 2025-01-15  |w 2019-11-22  |y BK  |k ORI 
952 |0 0  |1 0  |4 0  |6 382_000000000000000_PAC_2007_2007  |7 0  |8 A  |9 437363  |a BIBGIM  |b BIBGIM  |d 2019-11-22  |i 4692721  |o 382 PAC 2007 2007  |p 4692721  |r 2025-01-15  |w 2019-11-22  |y BK  |k ORI 
952 |0 0  |1 0  |4 0  |6 382_000000000000000_PAC_2007_2007  |7 0  |8 A  |9 437364  |a BIBGIM  |b BIBGIM  |d 2019-11-22  |i 469273K  |o 382 PAC 2007 2007  |p 469273K  |r 2025-01-15  |w 2019-11-22  |y BK  |k ORI